Statistics for Who are the multiple Palme d'Or winners of the Cannes Film Festival ?

Click here to take the quiz!

General Stats

  • This quiz has been taken 69 times
  • The average score is 4 of 6

Answer Stats

Hint Answer % Correct
1999 & 2005Luc and Jean-Pierre Dardenne
83%
2009 & 2012Michael Haneke
83%
1974 & 1979Francis Ford Coppola
77%
1985 & 1995Emir Kusturica
60%
1983 & 1997Shohei Imamura
50%
1988 & 1992Bille August
46%

Score Distribution

Percentile by Number Answered

Percent of People with Each Score

Your Score History

You have not taken this quiz